000
00223 a2200097 4500
001
7017
100
_a
Hadden, H.B
245
_a
High quality sound production and reproduction
260
_a
_b
Iliffe
_c
090
_c
5796
_d
5796
942
_a
NUST-CAE
_c
M
_c
32262
999
_c
242090
_d
242090